000
00176 a2200097 4500
001
25511
100
_a
Caringella, C W
245
_a
260
_a
_b
_c
090
_c
17235
_d
17235
942
_a
NUST-CAE
_c
_c
8042
999
_c
260584
_d
260584